000
00270pam a2200121 a 4500
020
_c
041
_a
eng
100
_a
Ioyrish, Naum .
245
_a
Bees and people
_h
Textual Documents
260
_a
Moscow :
_b
MIR PUBLISHERS ,
_c
1977.
300
_a
212 p.
930
_a
16423
999
_c
93323
_d
93323